000 00702nam a2200241Ia 4500
003 OSt
005 20220923214235.0
006 a|||||r|||| 00| 0
007 ta
008 220922b |||||||| |||| 00| 0 hin d
024 _a168,098
037 _cTextual
040 _aARTS
_cARTS
_bhin
041 _2hin
_ahin
082 _aO152:1I00:9, K51
100 _aविजयेन्द्र, संपा.
245 0 _aकबीर
246 _aKabīra
260 _c1965
490 _aराधाकृष्ण मूल्यांकन माला; 9
942 _hO152:1I00:9, K51
_cTEXL
_2CC
999 _c322568
_d322568